| 000 | 00849nam a22002297a 4500 | ||
|---|---|---|---|
| 005 | 20241107160143.0 | ||
| 008 | s2543 th tha d | ||
| 020 | _a9747737191 | ||
| 040 | _aNALT | ||
| 041 | _atha | ||
| 090 |
_aKC22 _bช486ห 2543 |
||
| 100 | 0 | _aชาญชัย แสวงศักดิ์ | |
| 245 | 1 | 0 | _aหลักการตีความกฎหมาย |
| 260 | 3 |
_aกรุงเทพฯ : _bนิติธรรม, _c2543 |
|
| 300 | _a121 ซม. | ||
| 650 | 0 | 4 | _aกฎหมาย -- ไทย -- การตีความ |
| 650 | 0 | 4 | _aรัฐธรรมนูญ -- ไทย -- การตีความ |
| 650 | 0 | 4 | _aศาลปกครอง -- ไทย |
| 850 | _aNALT | ||
| 942 |
_cLB _014 _2lcc |
||
| 999 |
_c19029 _d19029 |
||
| 998 |
_j8 _k นายบัณฑิต อุทาวงค์ |
||